000 00959nam a2200241 i 4500
001 24106
003 ES-MaACL
005 20250808230402.0
007 t|
008 021216s1931 sp ||||1| spa d
110 1 _aEspaña.
_bMinisterio de Justicia.
_bComisión Jurídica Asesora.
_9164247
245 1 0 _aAnteproyecto de Constitución de la República española, que eleva al Gobierno la Comisión Jurídica Asesora.
260 _aMadrid :
_b[s.n.],
_c1931 (
_fSucesores de Rivadeneyra)
300 _a143 p. ;
_c23 cm.
530 _aDisponible en formato digital.
610 1 4 _aEspaña.
_tConstitución, 1931.
_93656
650 4 _aDerecho constitucional-
_zEspaña
_911682
852 _aES-MaACL
_j1801-F-12
_9 25002
_cDEPOF
_zRevisado enlace: 08 de Abril de 2025
852 _aES-MaACL
_jA-211
_cSPD1
856 4 _uhttp://bdh-rd.bne.es/viewer.vm?id=0000152919&page=1
_yBiblioteca Digital Hispánica
942 _2udc
999 _c24106
_d24106